Statistics for All First-Level Subdivisions of South America on a Map

Click here to take the quiz!

General Stats

  • This quiz has been taken 3,551 times
    (3,399 since last reset)
  • The average score is 50 of 242

Answer Stats

Country Type Answer % Correct
BrazilStateRio de Janeiro
96%
ArgentinaProvinceBuenos Aires
92%
ArgentinaAutonomous cityCiudad de Buenos Aires
92%
BrazilStateSão Paulo
90%
ArgentinaProvinceSantiago del Estero
89%
ChileRegionSantiago
89%
PeruDepartmentLima
86%
ColombiaDistrictCapital District
86%
BrazilDistrictDistrito Federal
86%
VenezuelaDistrictCapital District
82%
UruguayDepartmentMontevideo
79%
BoliviaDepartmentLa Paz
78%
ParaguayDistrictDistrito Capital
71%
BrazilStatePará
69%
SurinameDistrictPara
69%
ColombiaDepartmentSucre
66%
FranceOverseas RegionFrench Guiana
65%
BrazilStateAmazonas
63%
United KingdomOverseas TerritoryFalkland Islands
59%
ArgentinaProvinceTierra del Fuego
54%
SurinameDistrictParamaribo
52%
EcuadorProvinceGalápagos
49%
PeruDepartmentCusco
44%
ArgentinaProvinceCórdoba
42%
BrazilStateParaná
38%
BrazilStateMato Grosso
38%
BrazilStateBahia
38%
UruguayDepartmentLavalleja
35%
ArgentinaProvinceSanta Cruz
34%
ChileRegionValparaíso
34%
BrazilStateRio Grande do Sul
33%
ArgentinaProvinceSan Juan
33%
BrazilStateMinas Gerais
32%
ArgentinaProvinceLa Pampa
32%
BrazilStateAcre
31%
BrazilStateRio Grande do Norte
29%
ColombiaDepartmentBolívar
29%
ArgentinaProvinceMendoza
29%
UruguayDepartmentSan José
29%
BrazilStateMato Grosso do Sul
29%
ChileRegionAtacama
27%
BrazilStateSanta Catarina
27%
BrazilStateGoiás
27%
BrazilStatePernambuco
26%
BrazilStateRoraima
24%
BrazilStateEspirito Santo
24%
BrazilStateRondônia
23%
BrazilStateTocantins
23%
BrazilStateCeará
23%
BrazilStateAmapá
23%
ArgentinaProvinceSanta Fe
23%
BrazilStateParaíba
22%
BrazilStateMaranhão
22%
ArgentinaProvinceSalta
22%
BrazilStateSergipe
22%
PeruDepartmentArequipa
21%
UruguayDepartmentRio Negro
21%
ChileRegionAntofagasta
21%
BrazilStateAlagoas
21%
BrazilStatePiauí
21%
ArgentinaProvinceRío Negro
20%
ParaguayDepartmentCentral
19%
BoliviaDepartmentCochabamba
19%
ArgentinaProvinceJujuy
19%
UruguayDepartmentFlores
19%
ArgentinaProvinceChaco
19%
ArgentinaProvinceSan Luis
19%
ArgentinaProvinceMisiones
19%
ArgentinaProvinceTucumán
18%
ArgentinaProvinceEntre Ríos
18%
ArgentinaProvinceNeuquén
17%
ParaguayDepartmentMisiones
17%
ArgentinaProvinceCorrientes
17%
ChileRegionArica and Parinacota
17%
ChileRegionMagallanes
16%
ColombiaDepartmentAntioquia
16%
ArgentinaProvinceFormosa
16%
ArgentinaProvinceChubut
16%
BoliviaDepartmentPotosí
16%
ArgentinaProvinceLa Rioja
16%
ParaguayDepartmentSan Pedro
15%
ChileRegionLos Lagos
15%
ParaguayDepartmentConcepción
15%
ChileRegionLos Ríos
15%
ColombiaDepartmentSan Andrés, Providencia and Santa Catalina
14%
PeruDepartmentSan Martín
14%
ArgentinaProvinceCatamarca
14%
UruguayDepartmentSalto
14%
EcuadorProvinceSanto Domingo de los Tsáchilas
14%
VenezuelaStateTrujillo
14%
UruguayDepartmentColonia
14%
ChileRegionO'Higgins
14%
ColombiaDepartmentArauca
13%
PeruDepartmentPuno
13%
PeruAutonomous cityCallao
13%
ColombiaDepartmentAtlántico
13%
ColombiaDepartmentSantander
13%
ColombiaDepartmentChocó
12%
ChileRegionBiobío
12%
ChileRegionCoquimbo
12%
ChileRegionMaule
12%
PeruDepartmentIca
12%
ColombiaDepartmentCauca
12%
PeruDepartmentLoreto
12%
ColombiaDepartmentMagdalena
12%
ColombiaDepartmentLa Guajira
12%
PeruDepartmentTacna
12%
PeruDepartmentLa Libertad
11%
PeruDepartmentCajamarca
11%
PeruDepartmentAyacucho
11%
UruguayDepartmentMaldonado
11%
PeruDepartmentMadre de Dios
11%
ParaguayDepartmentPresidente Hayes
11%
PeruDepartmentPiura
11%
VenezuelaStateMérida
11%
UruguayDepartmentArtigas
11%
UruguayDepartmentCanelones
11%
VenezuelaStateZulia
11%
ChileRegionAysén
11%
ChileRegionTarapacá
11%
BoliviaDepartmentBeni
11%
EcuadorProvinceEl Oro
11%
ColombiaDepartmentCundinamarca
11%
BoliviaDepartmentOruro
11%
ChileRegionAraucanía
11%
ColombiaDepartmentCaldas
10%
UruguayDepartmentFlorida
10%
EcuadorProvinceGuayas
10%
ColombiaDepartmentBoyacá
10%
UruguayDepartmentDurazno
10%
ColombiaDepartmentNariño
10%
UruguayDepartmentCerro Largo
10%
ColombiaDepartmentCaquetá
10%
ColombiaDepartmentHuila
10%
ColombiaDepartmentMeta
10%
ColombiaDepartmentValle del Cauca
10%
ColombiaDepartmentNorte de Santander
10%
ColombiaDepartmentPutumayo
10%
ColombiaDepartmentTolima
10%
ColombiaDepartmentCesar
10%
ChileRegionÑuble
10%
UruguayDepartmentPaysandú
10%
UruguayDepartmentTreinta y Tres
10%
VenezuelaStateMiranda
10%
VenezuelaStateCarabobo
10%
ParaguayDepartmentAlto Paraguay
10%
PeruDepartmentJunín
10%
UruguayDepartmentRivera
10%
BoliviaDepartmentTarija
10%
BoliviaDepartmentPando
9%
ColombiaDepartmentGuaviare
9%
VenezuelaStateTáchira
9%
VenezuelaStatePortuguesa
9%
BoliviaDepartmentChuquisaca
9%
ColombiaDepartmentQuindío
9%
PeruDepartmentPasco
9%
VenezuelaStateLara
9%
VenezuelaStateFalcón
9%
PeruDepartmentUcayali
9%
PeruDepartmentTumbes
9%
UruguayDepartmentSoriano
9%
ColombiaDepartmentGuainía
9%
UruguayDepartmentRocha
9%
ColombiaDepartmentCasanare
9%
VenezuelaStateApure
9%
VenezuelaStateAnzoátegui
9%
UruguayDepartmentTacuarembó
9%
VenezuelaStateBarinas
9%
EcuadorProvinceLoja
9%
PeruDepartmentLambayeque
9%
PeruDepartmentAncash
9%
GuyanaGovernorateEssequibo Islands-West Demerara
9%
EcuadorProvinceEsmeraldas
9%
ParaguayDepartmentCordillera
9%
EcuadorProvinceZamora-Chinchipe
9%
EcuadorProvinceChimborazo
9%
ParaguayDepartmentAlto Paraná
9%
EcuadorProvincePichincha
9%
ColombiaDepartmentRisaralda
9%
PeruDepartmentApurímac
9%
ColombiaDepartmentVaupés
9%
EcuadorProvinceAzuay
9%
PeruDepartmentHuánuco
9%
ColombiaDepartmentVichada
9%
PeruDepartmentHuancavelica
9%
GuyanaGovernorateUpper Demerara-Berbice
8%
GuyanaGovernorateMahaica-Berbice
8%
VenezuelaStateYaracuy
8%
GuyanaGovernorateDemerara-Mahaica
8%
VenezuelaStateAragua
8%
EcuadorProvinceImbabura
8%
VenezuelaStateDelta Amacuro
8%
VenezuelaStateCojedes
8%
EcuadorProvinceOrellana
8%
VenezuelaStateGuárico
8%
EcuadorProvinceSucumbíos
8%
VenezuelaStateVargas
8%
EcuadorProvinceManabí
8%
EcuadorProvinceSanta Elena
8%
VenezuelaStateNueva Esparta
8%
EcuadorProvincePastaza
8%
VenezuelaStateMonagas
8%
ParaguayDepartmentBoquerón
8%
ParaguayDepartmentAmambay
8%
EcuadorProvinceCotopaxi
8%
PeruDepartmentMoquegua
8%
EcuadorProvinceNapo
8%
EcuadorProvinceCarchi
8%
SurinameDistrictNickerie
8%
EcuadorProvinceCañar
8%
ParaguayDepartmentParaguarí
8%
ParaguayDepartmentÑeembucú
8%
EcuadorProvinceMorona Santiago
8%
ParaguayDepartmentItapúa
8%
ParaguayDepartmentCaazapá
8%
ParaguayDepartmentCaaguazú
8%
ParaguayDepartmentGuairá
8%
GuyanaGovernoratePotaro-Siparuni
7%
GuyanaGovernoratePomeroon-Supenaam
7%
SurinameDistrictBrokopondo
7%
SurinameDistrictCommewijne
7%
SurinameDistrictCoronie
7%
SurinameDistrictMarowijne
7%
ParaguayDepartmentCanindeyú
7%
GuyanaGovernorateBarima-Waini
7%
SurinameDistrictSaramacca
7%
SurinameDistrictSipaliwini
7%
VenezuelaDependencyFederal Dependencies
7%
EcuadorProvinceTungurahua
7%
GuyanaGovernorateUpper Takutu-Upper Essequibo
7%
GuyanaGovernorateEast Berbice-Corentyne
7%
GuyanaGovernorateCuyuni-Mazaruni
7%
SurinameDistrictWanica
7%

Score Distribution

Percentile by Number Answered

Percent of People with Each Score

Your Score History

You have not taken this quiz since the last reset